[Event "Cluj Napocensis Rapid op 40th"]
[Site "Cluj"]
[Date "2022.06.18"]
[Round "2"]
[White "Malinovsky, Rostyslav"]
[Black "Engi, Laszlo Zoltan"]
[Result "1-0"]
[WhiteElo "2096"]
[BlackElo "1814"]
[PlyCount "45"]
[EventDate "2022.06.18"]
[EventType "swiss (rapid)"]
[EventRounds "7"]
[EventCountry "ROU"]
[SourceTitle "EXT 2024"]
[Source "ChessBase"]
[SourceDate "2023.10.10"]
[SourceVersion "1"]
[SourceVersionDate "2023.10.10"]
[SourceQuality "1"]

1. d4 Nf6 2. c4 e5 3. dxe5 Ng4 4. Nh3 Nxe5 5. e4 Bc5 6. Nc3 0-0 7. Be2 d6 8. Nf4 Nbc6 9. 0-0 a6 10. Nfd5 Nd4 11. Be3 Nxe2+ 12. Qxe2 c6 13. Bxc5 dxc5 14. Ne3 b5 15. f4 Ng6 16. Rad1 Qc7 17. e5 f5 18. g3 Be6 19. Rd6 Rae8 20. Rfd1 Nh8 21. Qg2 Qf7 22. Qxc6 bxc4 23. Qxc5 1-0

[Event "Cluj Napocensis Rapid op 40th"]
[Site "Cluj"]
[Date "2022.06.18"]
[Round "5"]
[White "Miron, Ionel"]
[Black "Engi, Laszlo Zoltan"]
[Result "1-0"]
[WhiteElo "1899"]
[BlackElo "1814"]
[PlyCount "56"]
[EventDate "2022.06.18"]
[EventType "swiss (rapid)"]
[EventRounds "7"]
[EventCountry "ROU"]
[SourceTitle "EXT 2024"]
[Source "ChessBase"]
[SourceDate "2023.10.10"]
[SourceVersion "1"]
[SourceVersionDate "2023.10.10"]
[SourceQuality "1"]

1. d4 Nf6 2. c4 e5 3. dxe5 Ng4 4. Nf3 Bc5 5. e3 Nc6 6. a3 a5 7. Qd5 Qe7 8. Nc3 Ngxe5 9. Be2 d6 10. Qd1 Nxf3+ 11. Bxf3 Ne5 12. Be2 0-0 13. b3 Re8 14. Bb2 Be6 15. 0-0 c6 16. Ne4 Rad8 17. Qc1 Ba7 18. Qc3 f5 19. Nxd6 Rxd6 20. Qxe5 Bb8 21. Qxa5 f4 22. exf4 Bh3 23. Bf3 Rg6 24. Rfe1 Qd7 25. Rxe8+ Qxe8 26. Rd1 Bd7 27. Be5 Bxe5 28. fxe5 Bg4 1-0